000 00356nam a2200133Ia 4500
008 240624s9999 xx 000 0 und d
041 _aeng
082 _a343.052 CHO
100 _aCHOWDARY NAGENDRA V
245 _aFOREIGN EXCHANGE RESERVES CONCEPTS AND C
260 _c2004
_aHyderabad
_bICFAI press
300 _ax, : 195 : p. : cm. ; 23
365 _cRS
_b50
999 _c6510
_d6510